000 00241nam a2200097Ia 4500
008 240331s9999 xx 000 0 und d
082 _bCEN
100 _aCenwor, d
245 0 _aFirst national convention on women's studies :
_bwomen
942 _cL
999 _c2836
_d2836